[Event "ENG-ch"]
[Site "Kenilworth"]
[Date "2025.07.18"]
[Round "1.16"]
[White "Sefton, Adam"]
[Black "Richardson, John R"]
[Result "0-1"]
[WhiteElo "2047"]
[BlackElo "2270"]
[PlyCount "82"]
[EventDate "2025.07.18"]
[EventType "swiss"]
[EventRounds "7"]
[EventCountry "ENG"]
[SourceTitle "BritBase"]
[Source "John Saunders"]
[SourceDate "2025.07.21"]
[SourceVersion "1"]
[SourceVersionDate "2025.07.21"]
[SourceQuality "1"]

1. e4 c6 2. d4 d5 3. e5 Bf5 4. h4 h5 5. Bd3 Bxd3 6. Qxd3 Qa5+ 7. Nd2 e6 8. Ngf3 Qa6 9. c4 Nh6 10. b3 Nd7 11. O-O Nf5 12. Rd1 Be7 13. g3 c5 14. dxc5 Nxc5 15. Qc2 Rd8 16. Bb2 O-O 17. cxd5 Rxd5 18. Nc4 Rxd1+ 19. Qxd1 b5 20. Ne3 Nxe3 21. fxe3 Ne4 22. Nd4 Nxg3 23. Qf3 Bxh4 24. Qf4 g5 25. Qf6 Qb7 26. Kh2 Ne4 27. Qh6 Qc7 28. Kg1 Bf2+ 29. Kg2 Bxe3 30. Kf3 Bxd4 31. Bxd4 Qc2 32. Qxh5 Nd2+ 33. Kg4 Qf5+ 34. Kg3 Ne4+ 35. Kg2 Rc8 36. Qe2 Nc3 37. Qf3 a5 38. Rc1 b4 39. Qe3 Rd8 40. Bxc3 Rd3 41. Qe2 Qh3+ 0-1

[Event "ENG-ch"]
[Site "Kenilworth"]
[Date "2025.07.18"]
[Round "1.18"]
[White "Welling, Zac"]
[Black "Shearsby, Jude"]
[Result "0-1"]
[WhiteElo "1966"]
[BlackElo "2224"]
[PlyCount "86"]
[EventDate "2025.07.18"]
[EventType "swiss"]
[EventRounds "7"]
[EventCountry "ENG"]
[SourceTitle "BritBase"]
[Source "John Saunders"]
[SourceDate "2025.07.21"]
[SourceVersion "1"]
[SourceVersionDate "2025.07.21"]
[SourceQuality "1"]

1. e4 c5 2. Nf3 d6 3. Bb5+ Nd7 4. c3 Ngf6 5. Qe2 a6 6. Ba4 e5 7. O-O Be7 8. Rd1 O-O 9. d3 Re8 10. Nbd2 b5 11. Bc2 Nf8 12. Nf1 Ng6 13. a4 Bd7 14. h3 Nh5 15. Ng3 Nhf4 16. Qf1 Qc8 17. Kh2 Rf8 18. Ne2 Nh5 19. Ng3 Nhf4 20. Ne2 Nxe2 21. Qxe2 Qc7 22. d4 exd4 23. cxd4 Bf6 24. Be3 Rfe8 25. Kg1 Bc6 26. d5 Bd7 27. Rab1 bxa4 28. Bd3 Qb7 29. Nd2 Bb5 30. f3 Bd4 31. Nf1 Nf4 32. Qf2 Nxd3 33. Qd2 Bxe3+ 34. Nxe3 Qe7 35. Nf5 Qf6 36. Qc2 Nf4 37. Qf2 Ne2+ 38. Kh1 Nd4 39. Ne3 Rxe4 40. Ng4 Rxg4 41. hxg4 Qh6+ 42. Kg1 Ne2+ 43. Kf1 Ng3+ 0-1

[Event "ENG-ch"]
[Site "Kenilworth"]
[Date "2025.07.18"]
[Round "1.37"]
[White "Salmons, Calum"]
[Black "Kendall, Arthur"]
[Result "*"]
[WhiteElo "2085"]
[BlackElo "1883"]
[PlyCount "99"]
[EventDate "2025.07.18"]
[EventType "swiss"]
[EventRounds "7"]
[EventCountry "ENG"]
[SourceTitle "BritBase"]
[Source "John Saunders"]
[SourceDate "2025.07.21"]
[SourceVersion "1"]
[SourceVersionDate "2025.07.21"]
[SourceQuality "1"]

1. d4 Nf6 2. Bf4 g6 3. Nc3 d5 4. e3 Bg7 5. Nf3 O-O 6. Be2 c6 7. h4 Nbd7 8. Ne5 h5 9. O-O Nxe5 10. Bxe5 Nd7 11. Bxg7 Kxg7 12. e4 e6 13. g3 dxe4 14. Nxe4 Nf6 15. Qd3 Qe7 16. Bf3 e5 17. Rfe1 Bf5 18. Qc3 Nxe4 19. Bxe4 Bxe4 20. Rxe4 exd4 21. Qxd4+ Qf6 22. Rf4 Qxd4 23. Rxd4 Rad8 24. Rad1 Rxd4 25. Rxd4 f6 26. Kf1 Rf7 27. Ke2 Re7+ 28. Kd3 Kf7 29. a4 Re1 30. Rd7+ Re7 31. Rd4 Re1 32. Rd7+ Re7 33. Rxe7+ Kxe7 34. b4 b6 35. c3 Kd6 36. Kd4 c5+ 37. Ke4 a6 38. b5 axb5 39. axb5 Ke6 40. c4 g5 41. f3 f5+ 42. Ke3 f4+ 43. Ke2 fxg3 44. hxg5 h4 45. f4 h3 46. Kf3 h2 47. Kg2 Kf5 48. Kh1 Kg6 49. Kg2 Kf5 50. Kh1 *

[Event "ENG-ch"]
[Site "Kenilworth"]
[Date "2025.07.18"]
[Round "1.38"]
[White "Vaidyanathan, Sathya"]
[Black "Elgar, Tim"]
[Result "0-1"]
[WhiteElo "1878"]
[BlackElo "2093"]
[PlyCount "42"]
[EventDate "2025.07.18"]
[EventType "swiss"]
[EventRounds "7"]
[EventCountry "ENG"]
[SourceTitle "BritBase"]
[Source "John Saunders"]
[SourceDate "2025.07.21"]
[SourceVersion "1"]
[SourceVersionDate "2025.07.21"]
[SourceQuality "1"]

1. e4 c5 2. Nc3 Nc6 3. Bb5 Nd4 4. Nf3 a6 5. Bd3 g6 6. Nxd4 cxd4 7. Ne2 d5 8. c3 dxc3 9. dxc3 dxe4 10. Qa4+ Bd7 11. Qd4 exd3 12. Qxh8 dxe2 13. Qxg8 Bg4 14. Bd2 Qd5 15. f3 O-O-O 16. Kf2 Qxd2 17. Rhe1 Be6 18. Qxh7 Bh6 19. Rxe2 Be3+ 20. Kf1 Bc4 21. Rae1 Qxe2+ 0-1

[Event "ENG-ch"]
[Site "Kenilworth"]
[Date "2025.07.18"]
[Round "2.7"]
[White "Roberson, Peter T"]
[Black "Vaidyanathan, Adithya"]
[Result "1-0"]
[WhiteElo "2433"]
[BlackElo "2094"]
[PlyCount "107"]
[EventDate "2025.07.18"]
[EventType "swiss"]
[EventRounds "7"]
[EventCountry "ENG"]
[SourceTitle "BritBase"]
[Source "John Saunders"]
[SourceDate "2025.07.21"]
[SourceVersion "1"]
[SourceVersionDate "2025.07.21"]
[SourceQuality "1"]

1. e4 c5 2. Nf3 Nc6 3. Bb5 g6 4. Bxc6 dxc6 5. O-O Bg7 6. d3 Nf6 7. Re1 O-O 8. h3 Ne8 9. e5 Nc7 10. a4 a5 11. Nbd2 Ne6 12. b3 b6 13. Bb2 h6 14. Nc4 Rb8 15. Re4 g5 16. Qd2 Nf4 17. h4 Bf5 18. hxg5 hxg5 19. Ree1 f6 20. Ne3 Be6 21. g3 Nd5 22. c4 Nb4 23. Rad1 Rb7 24. Qe2 Rd7 25. d4 g4 26. Nh4 cxd4 27. Nef5 c5 28. Qxg4 Bxf5 29. Nxf5 e6 30. Nxg7 Rxg7 31. Qxe6+ Rff7 32. Bc1 Rh7 33. exf6 Qxf6 34. Bf4 d3 35. Qc8+ Rf8 36. Re8 Rhf7 37. Rxf8+ Rxf8 38. Qg4+ Qg7 39. Qxg7+ Kxg7 40. Bc7 Rf7 41. Bxb6 Rd7 42. Bxa5 Nc2 43. Kg2 Kg6 44. Bb6 Nb4 45. Bxc5 Na2 46. Be3 Nc3 47. Rc1 Ne2 48. Ra1 Nc3 49. a5 d2 50. Bxd2 Rxd2 51. a6 Rd8 52. b4 Ne4 53. b5 Nd6 54. a7 1-0

[Event "ENG-ch"]
[Site "Kenilworth"]
[Date "2025.07.18"]
[Round "2.12"]
[White "Mesropyan, Hayk"]
[Black "Emms, John M"]
[Result "1/2-1/2"]
[WhiteElo "1892"]
[BlackElo "2417"]
[PlyCount "136"]
[EventDate "2025.07.18"]
[EventType "swiss"]
[EventRounds "7"]
[EventCountry "ENG"]
[SourceTitle "BritBase"]
[Source "John Saunders"]
[SourceDate "2025.07.21"]
[SourceVersion "1"]
[SourceVersionDate "2025.07.21"]
[SourceQuality "1"]

1. e4 e5 2. Nf3 Nc6 3. Bb5 a6 4. Ba4 Nf6 5. O-O Be7 6. Re1 b5 7. Bb3 O-O 8. c3 d6 9. d3 Na5 10. Bc2 c5 11. Nbd2 Nc6 12. Nf1 h6 13. Ng3 Be6 14. h3 Re8 15. d4 cxd4 16. cxd4 exd4 17. Nxd4 Nxd4 18. Qxd4 Rc8 19. Bb3 d5 20. e5 Nd7 21. Be3 Bc5 22. Qf4 g5 23. Qf3 Nxe5 24. Qh5 Qf6 25. Rad1 Bxe3 26. Rxe3 Nc4 27. Bxc4 bxc4 28. Ne2 Rb8 29. b3 cxb3 30. axb3 Rb4 31. Rxd5 Rh4 32. Qf3 Qxf3 33. gxf3 Rb8 34. Rd6 Bxh3 35. f4 Be6 36. fxg5 Rg4+ 37. Kh2 hxg5 38. Rxa6 Kg7 39. Ng3 Rgb4 40. Ne4 Rh8+ 41. Kg2 Bd5 42. f3 Bxe4 43. fxe4 Rhb8 44. Ra3 R8b5 45. e5 Rb6 46. Rf3 g4 47. Rg3 Kg6 48. Ra7 Re4 49. Rd7 Rbb4 50. Rd6+ Kg5 51. Rd7 Re2+ 52. Kf1 Rxe5 53. Rxf7 Rbe4 54. Kg2 Re2+ 55. Rf2 Rxf2+ 56. Kxf2 Rc5 57. Re3 Kh4 58. Re8 Rc2+ 59. Kg1 Rb2 60. Re3 Rc2 61. Rd3 Rb2 62. Rc3 g3 63. Rc8 Rxb3 64. Rh8+ Kg4 65. Rg8+ Kf5 66. Kg2 Kf6 67. Rxg3 Rxg3+ 68. Kxg3 Ke5 1/2-1/2

[Event "ENG-ch"]
[Site "Kenilworth"]
[Date "2025.07.18"]
[Round "2.18"]
[White "Patel, Keatan"]
[Black "Bates, Richard A"]
[Result "1/2-1/2"]
[WhiteElo "1990"]
[BlackElo "2292"]
[PlyCount "124"]
[EventDate "2025.07.18"]
[EventType "swiss"]
[EventRounds "7"]
[EventCountry "ENG"]
[SourceTitle "BritBase"]
[Source "John Saunders"]
[SourceDate "2025.07.21"]
[SourceVersion "1"]
[SourceVersionDate "2025.07.21"]
[SourceQuality "1"]

1. e4 c5 2. Nf3 d6 3. Bb5+ Nd7 4. c3 Ngf6 5. Qe2 a6 6. Ba4 Qc7 7. O-O b5 8. Bc2 e6 9. d4 Be7 10. Re1 cxd4 11. cxd4 Bb7 12. Bd3 O-O 13. Nbd2 Rfe8 14. Nf1 Nf8 15. Ng3 Ng6 16. a4 bxa4 17. Rxa4 a5 18. Bd2 e5 19. Rea1 Nf4 20. Bxf4 exf4 21. Nf5 Bf8 22. Qd2 Bxe4 23. Bxe4 Nxe4 24. Qxf4 Qc2 25. Ng5 Nxg5 26. Qxg5 g6 27. Ne3 Qxb2 28. Qd5 Qd2 29. g3 Bg7 30. Rxa5 Rxa5 31. Qxa5 Qxa5 32. Rxa5 Bxd4 33. Rd5 Bxe3 34. fxe3 Re6 35. Kf2 Kf8 36. e4 Ke7 37. Kf3 Re5 38. Rd2 Ke6 39. h4 Ra5 40. Kf4 Ra3 41. Rb2 h6 42. Rb5 Rc3 43. Rb8 f6 44. Re8+ Kf7 45. Rd8 Rd3 46. Rh8 g5+ 47. Kf5 Rf3+ 48. Kg4 Re3 49. Rxh6 Rxe4+ 50. Kf3 Re6 51. h5 f5 52. Rh7+ Kf6 53. g4 fxg4+ 54. Kxg4 Re4+ 55. Kf3 Rh4 56. h6 Kg6 57. Rd7 Kxh6 58. Rxd6+ Kh5 59. Kg3 Rb4 60. Rd3 Rg4+ 61. Kh3 Rg1 62. Kh2 Re1 1/2-1/2

[Event "ENG-ch"]
[Site "Kenilworth"]
[Date "2025.07.18"]
[Round "2.19"]
[White "Pick, Freddie"]
[Black "Merriman, John"]
[Result "0-1"]
[WhiteElo "1934"]
[BlackElo "2194"]
[PlyCount "101"]
[EventDate "2025.07.18"]
[EventType "swiss"]
[EventRounds "7"]
[EventCountry "ENG"]
[SourceTitle "BritBase"]
[Source "John Saunders"]
[SourceDate "2025.07.21"]
[SourceVersion "1"]
[SourceVersionDate "2025.07.21"]
[SourceQuality "1"]

1. e4 e6 2. d4 d5 3. Nd2 Nc6 4. Ngf3 Nf6 5. e5 Nd7 6. Nb3 Be7 7. c3 a5 8. a4 b6 9. Bb5 Na7 10. Be2 c5 11. O-O Nc6 12. Bf4 O-O 13. Bg3 Ba6 14. Bxa6 Rxa6 15. Qe2 Ra8 16. Nfd2 Re8 17. Rac1 Qc8 18. Nb1 Qb7 19. Na3 c4 20. Na1 Na7 21. Nb5 Nxb5 22. axb5 a4 23. Nc2 Ra5 24. Ra1 Rea8 25. Na3 Bxa3 26. Rxa3 Rxb5 27. f4 Nf8 28. Rfa1 Rba5 29. Be1 Qd7 30. Qg4 b5 31. Rd1 Rb8 32. Rd2 Ra6 33. Re2 Ng6 34. Qf3 Ne7 35. g4 Nc6 36. f5 b4 37. Ra1 bxc3 38. Bxc3 Rb3 39. Re3 a3 40. bxa3 Raxa3 41. Rxa3 Rxa3 42. Qf4 Qb7 43. f6 Qb1+ 44. Re1 Qg6 45. Re3 Rb3 46. h3 Rb1+ 47. Be1 Rd1 48. Ra3 Rxe1+ 49. Kf2 Rb1 50. Qc1 Rb8 51. Qd1 0-1

[Event "ENG-ch"]
[Site "Kenilworth"]
[Date "2025.07.18"]
[Round "2.29"]
[White "Savidge, Daniel"]
[Black "Myall, Ivan J"]
[Result "1/2-1/2"]
[WhiteElo "2141"]
[BlackElo "1948"]
[PlyCount "97"]
[EventDate "2025.07.18"]
[EventType "swiss"]
[EventRounds "7"]
[EventCountry "ENG"]
[SourceTitle "BritBase"]
[Source "John Saunders"]
[SourceDate "2025.07.21"]
[SourceVersion "1"]
[SourceVersionDate "2025.07.21"]
[SourceQuality "1"]

1. e4 g6 2. d4 Bg7 3. Nc3 c5 4. dxc5 Bxc3+ 5. bxc3 Nf6 6. e5 Ne4 7. Qd4 Qa5 8. Qb4 Qxc5 9. Be3 Qxc3+ 10. Qxc3 Nxc3 11. Bc4 b5 12. Bd3 Bb7 13. Nf3 O-O 14. h4 Be4 15. Bxe4 Nxe4 16. h5 Nc6 17. Rh4 d5 18. Ke2 e6 19. Rah1 g5 20. Nxg5 Nxe5 21. Nxe4 dxe4 22. Bd4 f6 23. Rxe4 Rac8 24. c3 Rc4 25. Rhh4 Ra4 26. Bxe5 Rxa2+ 27. Ke3 fxe5 28. Rhg4+ Kh8 29. Rxe5 Rfxf2 30. Rxb5 Rfe2+ 31. Kd3 Rad2+ 32. Kc4 Rd8 33. Rc5 Ra2 34. Kb3 Ra6 35. Rc7 Rb8+ 36. Kc2 Ra2+ 37. Kd3 Rd8+ 38. Ke3 Ra5 39. Rd4 Rxd4 40. Kxd4 Rd5+ 41. Ke4 Rxh5 42. c4 a5 43. g4 Rg5 44. Kf4 h6 45. Rc6 e5+ 46. Kf3 Kg7 47. Rc7+ Kf6 48. Rc6+ Kg7 49. Ke4 1/2-1/2

[Event "ENG-ch"]
[Site "Kenilworth"]
[Date "2025.07.18"]
[Round "2.32"]
[White "Gunarathne, Senith Thenula"]
[Black "Verbytski, Oleg"]
[Result "0-1"]
[WhiteElo "1876"]
[BlackElo "1998"]
[PlyCount "106"]
[EventDate "2025.07.18"]
[EventType "swiss"]
[EventRounds "7"]
[EventCountry "ENG"]
[SourceTitle "BritBase"]
[Source "John Saunders"]
[SourceDate "2025.07.21"]
[SourceVersion "1"]
[SourceVersionDate "2025.07.21"]
[SourceQuality "1"]

1. e4 c5 2. Nf3 e6 3. Nc3 a6 4. a4 Qc7 5. Be2 Nc6 6. d4 cxd4 7. Nxd4 Nf6 8. O-O Nxd4 9. Qxd4 Bc5 10. Qd3 h6 11. Be3 O-O 12. Qc4 Bd6 13. Qxc7 Bxc7 14. Rfd1 d6 15. Bf4 e5 16. Be3 Be6 17. Nd5 Nxd5 18. exd5 Bd7 19. c4 f5 20. f3 Ba5 21. c5 Bb4 22. cxd6 Bxd6 23. b3 Rac8 24. Rac1 Kf7 25. Bc4 Ke7 26. Bb6 Bb4 27. Rc2 Kd6 28. Re2 Bxa4 29. f4 e4 30. Bd4 Rxc4 31. bxa4 Rxd4 32. Rxd4 Bc5 33. Red2 Bxd4+ 34. Rxd4 Rd8 35. Rd2 Rd7 36. Kf2 Kc5 37. g4 g6 38. Rb2 b5 39. axb5 axb5 40. h4 h5 41. gxh5 gxh5 42. Ke3 Rxd5 43. Rg2 b4 44. Rg8 b3 45. Rc8+ Kb4 46. Rb8+ Rb5 47. Rc8 b2 48. Rc2 b1=Q 49. Rb2+ Ka5 50. Rb4 Rxb4 51. Kd2 Qd3+ 52. Ke1 Rb1+ 53. Kf2 Qf3# 0-1

[Event "ENG-ch"]
[Site "Kenilworth"]
[Date "2025.07.19"]
[Round "3.5"]
[White "Wadsworth, Matthew J"]
[Black "Shearsby, Jude"]
[Result "1/2-1/2"]
[WhiteElo "2476"]
[BlackElo "2224"]
[PlyCount "171"]
[EventDate "2025.07.18"]
[EventType "swiss"]
[EventRounds "7"]
[EventCountry "ENG"]
[SourceTitle "BritBase"]
[Source "John Saunders"]
[SourceDate "2025.07.21"]
[SourceVersion "1"]
[SourceVersionDate "2025.07.21"]
[SourceQuality "1"]

1. d4 Nf6 2. c4 e6 3. Nf3 Bb4+ 4. Nbd2 d5 5. Qa4+ Nc6 6. a3 Be7 7. e3 O-O 8. Qc2 Re8 9. Bd3 h6 10. O-O Bf8 11. b4 a6 12. Bb2 g6 13. Rac1 dxc4 14. Nxc4 Bg7 15. Nce5 Nxe5 16. dxe5 Nd5 17. Rfd1 Bd7 18. e4 Nf4 19. Bf1 g5 20. Rd2 Qc8 21. Rcd1 Re7 22. h4 g4 23. Nh2 h5 24. g3 Ng6 25. f4 Qe8 26. Bc4 a5 27. bxa5 Rxa5 28. Bc3 Ba4 29. Bb3 Qb5 30. Rd8+ Kh7 31. Bxa4 Rxa4 32. Bb4 Rxb4 33. axb4 Qxb4 34. Nf1 c5 35. Rb1 Qa5 36. Qd2 Qa4 37. Rc1 b6 38. Qc2 Qa5 39. Qc3 Qa4 40. Nd2 Qc6 41. Qd3 Qc7 42. Qd6 Qa7 43. Qd3 Qc7 44. Rb1 Qa7 45. Nc4 Qa2 46. Rxb6 Ra7 47. Rb2 Qa1+ 48. Rb1 Qa2 49. Rdb8 Ra4 50. R8b3 Bxe5 51. Nxe5 Nxe5 52. fxe5 c4 53. Qf1 cxb3 54. Qxf7+ Kh8 55. Qxh5+ Kg7 56. Qxg4+ Kh7 57. Qh5+ Kg7 58. Qg5+ Kh7 59. Qe7+ Kh8 60. Qf6+ Kh7 61. Qe7+ Kh8 62. Qe8+ Kh7 63. Qd7+ Kh8 64. Qc8+ Kg7 65. Qb7+ Kg6 66. Qxb3 Qxb3 67. Rxb3 Rxe4 68. Kf2 Rxe5 69. g4 Re4 70. Kf3 Ra4 71. Re3 Kf6 72. Re4 Ra1 73. g5+ Kf5 74. Rf4+ Ke5 75. Rg4 Ra3+ 76. Kg2 Kf5 77. Rg3 Ra2+ 78. Kh3 Kg6 79. Re3 Kh5 80. Kg3 Ra4 81. Rxe6 Rg4+ 82. Kf3 Kxh4 83. g6 Rg1 84. Kf4 Kh5 85. Re8 Rxg6 86. Ke4 1/2-1/2

[Event "ENG-ch"]
[Site "Kenilworth"]
[Date "2025.07.19"]
[Round "3.19"]
[White "James, Russell A"]
[Black "Dishman, Stephen"]
[Result "1/2-1/2"]
[WhiteElo "2097"]
[BlackElo "2274"]
[PlyCount "52"]
[EventDate "2025.07.18"]
[EventType "swiss"]
[EventRounds "7"]
[EventCountry "ENG"]
[SourceTitle "BritBase"]
[Source "John Saunders"]
[SourceDate "2025.07.21"]
[SourceVersion "1"]
[SourceVersionDate "2025.07.21"]
[SourceQuality "1"]

1. Nf3 d5 2. c4 c6 3. g3 Bg4 4. Ne5 Be6 5. d3 dxc4 6. Nxc4 Bd5 7. f3 g6 8. Nc3 Bg7 9. Bd2 Nd7 10. Ne3 Ngf6 11. Bg2 h5 12. Qa4 Nb6 13. Qc2 e5 14. Ne4 Nxe4 15. dxe4 Be6 16. O-O h4 17. Rfd1 hxg3 18. hxg3 Qe7 19. a4 a5 20. Kf2 O-O 21. Rh1 Nd7 22. Bh3 Bxh3 23. Rxh3 Qc5 24. Qxc5 Nxc5 25. Bc3 Rfe8 26. Nc4 Nxa4 1/2-1/2

[Event "ENG-ch"]
[Site "Kenilworth"]
[Date "2025.07.19"]
[Round "3.20"]
[White "Clarke, James"]
[Black "Murawski, Jan"]
[Result "1/2-1/2"]
[WhiteElo "1941"]
[BlackElo "2191"]
[PlyCount "133"]
[EventDate "2025.07.18"]
[EventType "swiss"]
[EventRounds "7"]
[EventCountry "ENG"]
[SourceTitle "BritBase"]
[Source "John Saunders"]
[SourceDate "2025.07.21"]
[SourceVersion "1"]
[SourceVersionDate "2025.07.21"]
[SourceQuality "1"]

1. e4 e5 2. Nf3 Nc6 3. Bb5 a6 4. Ba4 Nf6 5. O-O b5 6. Bb3 Be7 7. Re1 O-O 8. h3 d6 9. c3 Nb8 10. d4 Nbd7 11. Nbd2 Bb7 12. Bc2 Re8 13. Nf1 Bf8 14. Ng3 g6 15. a4 Bg7 16. Bd3 bxa4 17. Rxa4 Nb6 18. Ra1 Nfd7 19. Bg5 Qc8 20. Qd2 d5 21. exd5 Bxd5 22. Nxe5 Nxe5 23. dxe5 Rxe5 24. Rxe5 Bxe5 25. Re1 Bg7 26. Ne4 Bxe4 27. Bxe4 Rb8 28. Bc6 Qf5 29. Re8+ Rxe8 30. Bxe8 Be5 31. g3 Qe6 32. Qd8 Kg7 33. Be7 h5 34. h4 Kh7 35. Bc5 Nc4 36. b3 Nd6 37. Bxd6 cxd6 38. Qd7 Qxd7 39. Bxd7 Bxc3 40. Bc6 Kg7 41. f4 Be1 42. Kg2 a5 43. Kf3 Kf6 44. Bd5 Ke7 45. Kg2 Kf8 46. Kf3 Kg8 47. Kg2 Kg7 48. Kf3 f6 49. Be4 Kf7 50. Bd5+ Kg7 51. Be4 Kh6 52. Bd5 g5 53. hxg5+ fxg5 54. fxg5+ Kxg5 55. Bf7 Bc3 56. Kg2 Bb4 57. Kf3 Be1 58. Kg2 h4 59. gxh4+ Bxh4 60. Kf3 Kf5 61. Ke3 Ke5 62. Kd3 d5 63. Bg6 Bf6 64. Bf7 Kd6 65. Bg8 Kc5 66. Bf7 d4 67. Ke4 1/2-1/2

[Event "ENG-ch"]
[Site "Kenilworth"]
[Date "2025.07.19"]
[Round "3.25"]
[White "Varley, Joe"]
[Black "Verma, Aditya"]
[Result "0-1"]
[WhiteElo "2023"]
[BlackElo "2092"]
[PlyCount "120"]
[EventDate "2025.07.18"]
[EventType "swiss"]
[EventRounds "7"]
[EventCountry "ENG"]
[SourceTitle "BritBase"]
[Source "John Saunders"]
[SourceDate "2025.07.21"]
[SourceVersion "1"]
[SourceVersionDate "2025.07.21"]
[SourceQuality "1"]

1. e4 c5 2. Nf3 d6 3. Bb5+ Nd7 4. a4 Ngf6 5. Nc3 a6 6. Be2 g6 7. O-O Bg7 8. d3 O-O 9. h3 h6 10. Be3 e5 11. Nd2 Nb8 12. a5 Nc6 13. Nc4 Be6 14. Qd2 Kh7 15. Nb6 Ra7 16. Ncd5 Bxd5 17. exd5 Ne7 18. Bf3 Nd7 19. Nc4 f5 20. g3 Nf6 21. Nb6 g5 22. Qe2 Nd7 23. Nc4 Qc7 24. Rab1 f4 25. Bd2 Kh8 26. gxf4 gxf4 27. Kh2 Nf5 28. c3 Nf6 29. Nb6 Qf7 30. Rg1 Nh7 31. Be4 h5 32. Nc4 Raa8 33. Bxf5 Qxf5 34. Nxd6 Qd7 35. Ne4 f3 36. Qe3 Qxd5 37. Qxc5 Qxc5 38. Nxc5 Rf7 39. Rbe1 Rd8 40. Be3 Bf8 41. b4 Nf6 42. Rg5 Kh7 43. Ne6 Rxd3 44. Nxf8+ Rxf8 45. Rxe5 Rf7 46. Bd4 Rd2 47. Re7 Kg6 48. R1e5 Rxe7 49. Rxe7 Re2 50. Bxf6 Kxf6 51. Rxb7 h4 52. Rb6+ Ke5 53. Rxa6 Rxf2+ 54. Kg1 Ra2 55. Ra8 Kf4 56. a6 Ra1+ 57. Kf2 Ra2+ 58. Ke1 Ra1+ 59. Kd2 f2 60. a7 Ra2+ 0-1

[Event "ENG-ch"]
[Site "Kenilworth"]
[Date "2025.07.19"]
[Round "3.27"]
[White "Byron, Alan M"]
[Black "Pereslavtsev, Alexandr"]
[Result "1/2-1/2"]
[WhiteElo "2040"]
[BlackElo "2040"]
[PlyCount "101"]
[EventDate "2025.07.18"]
[EventType "swiss"]
[EventRounds "7"]
[EventCountry "ENG"]
[SourceTitle "BritBase"]
[Source "John Saunders"]
[SourceDate "2025.07.21"]
[SourceVersion "1"]
[SourceVersionDate "2025.07.21"]
[SourceQuality "1"]

1. e4 c5 2. Nf3 e6 3. d4 cxd4 4. Nxd4 a6 5. Bd3 Bc5 6. Nb3 Ba7 7. Qe2 Nc6 8. Be3 d6 9. Nc3 b5 10. a4 b4 11. Nb1 Bxe3 12. Qxe3 Nf6 13. N1d2 O-O 14. O-O Ne5 15. a5 d5 16. Qd4 dxe4 17. Bxe4 Qxd4 18. Nxd4 Nxe4 19. Nxe4 Rd8 20. Rfd1 Rd5 21. b3 Bb7 22. c4 bxc3 23. Nxc3 Rd6 24. Nde2 Rad8 25. Rxd6 Rxd6 26. Rb1 Bc6 27. h3 Kf8 28. f4 Nd3 29. b4 e5 30. fxe5 Rg6 31. g3 Nxe5 32. b5 axb5 33. a6 Ba8 34. a7 Rf6 35. Nf4 g5 36. Nfd5 Rf3 37. Rxb5 Rxg3+ 38. Kh2 Rd3 39. Rb8+ Kg7 40. Rxa8 Rd2+ 41. Kg3 h5 42. h4 gxh4+ 43. Kxh4 Rg2 44. Rg8+ Kxg8 45. a8=Q+ Kg7 46. Qb8 Nf3+ 47. Kh3 Rg4 48. Ne3 Ng5+ 49. Kh2 Nf3+ 50. Kh3 Ng5+ 51. Kh2 1/2-1/2

[Event "ENG-ch"]
[Site "Kenilworth"]
[Date "2025.07.19"]
[Round "3.30"]
[White "Verma, Shlok"]
[Black "Pick, Freddie"]
[Result "1/2-1/2"]
[WhiteElo "2169"]
[BlackElo "1934"]
[PlyCount "85"]
[EventDate "2025.07.18"]
[EventType "swiss"]
[EventRounds "7"]
[EventCountry "ENG"]
[SourceTitle "BritBase"]
[Source "John Saunders"]
[SourceDate "2025.07.21"]
[SourceVersion "1"]
[SourceVersionDate "2025.07.21"]
[SourceQuality "1"]

1. d4 Nf6 2. c4 e6 3. Nc3 Bb4 4. e3 b6 5. Nge2 Ba6 6. a3 Bxc3+ 7. Nxc3 d5 8. cxd5 Bxf1 9. Kxf1 exd5 10. g3 O-O 11. Kg2 c5 12. dxc5 bxc5 13. Qf3 Na6 14. Rd1 Nc7 15. Bd2 Qe7 16. Rac1 Rfd8 17. Na4 Ne6 18. h4 Rac8 19. Ba5 Re8 20. Bc3 Red8 21. Bxf6 Qxf6 22. Qxf6 gxf6 23. Nc3 d4 24. Ne4 f5 25. Nd2 Kg7 26. Nf3 Kf6 27. Kf1 Rb8 28. Rd2 dxe3 29. Rxd8 Nxd8 30. fxe3 Rxb2 31. Rxc5 Rb3 32. Ra5 Rxe3 33. Kf2 Re7 34. Nd4 Rd7 35. Rxf5+ Kg6 36. Rg5+ Kf6 37. Nf3 Ne6 38. Ra5 Rc7 39. g4 Rc2+ 40. Kg3 Rc3 41. Kf2 Rc7 42. Kg3 Rc3 43. Kf2 1/2-1/2

[Event "ENG-ch"]
[Site "Kenilworth"]
[Date "2025.07.19"]
[Round "3.34"]
[White "Lebedev, Lion"]
[Black "Rughani, Mahin"]
[Result "1/2-1/2"]
[WhiteElo "2048"]
[BlackElo "1854"]
[PlyCount "115"]
[EventDate "2025.07.18"]
[EventType "swiss"]
[EventRounds "7"]
[EventCountry "ENG"]
[SourceTitle "BritBase"]
[Source "John Saunders"]
[SourceDate "2025.07.21"]
[SourceVersion "1"]
[SourceVersionDate "2025.07.21"]
[SourceQuality "1"]

1. e4 c6 2. d4 d5 3. exd5 cxd5 4. c4 Nf6 5. Nc3 Nc6 6. Bg5 Be6 7. Be2 h6 8. Bxf6 exf6 9. Bf3 Bb4 10. Nge2 O-O 11. O-O Ne7 12. Qb3 Bxc3 13. Nxc3 dxc4 14. Qxb7 Rb8 15. Qxa7 Rxb2 16. d5 Bf5 17. Rfe1 Ng6 18. Qd4 Ne5 19. Be4 Qd7 20. Na4 Rb4 21. Nb6 Qd6 22. Bxf5 Qxb6 23. Qxb6 Rxb6 24. f4 Ng6 25. g3 Rd8 26. Be4 Ne7 27. Red1 Rbd6 28. Rd4 f5 29. Bf3 f6 30. a4 c3 31. Rc1 Nxd5 32. Bxd5+ Rxd5 33. Rxd5 Rxd5 34. Rxc3 Rd1+ 35. Kf2 Ra1 36. Rc4 Ra3 37. Ke2 Kf7 38. Kd2 Kg6 39. Kc2 Ra2+ 40. Kb3 Rxh2 41. a5 Re2 42. a6 Re7 43. Kb4 Kh5 44. Kb5 Kg4 45. Rc3 g5 46. Kb6 gxf4 47. gxf4 h5 48. a7 Rxa7 49. Kxa7 h4 50. Kb6 h3 51. Kc5 h2 52. Rc1 Kxf4 53. Kd4 Kf3 54. Rc3+ Kg2 55. Rc2+ Kg3 56. Rc3+ Kg2 57. Rc2+ Kg3 58. Rc3+ 1/2-1/2

[Event "ENG-ch"]
[Site "Kenilworth"]
[Date "2025.07.19"]
[Round "3.39"]
[White "Welling, Zac"]
[Black "Bolt, Graham"]
[Result "1/2-1/2"]
[WhiteElo "1966"]
[BlackElo "1942"]
[PlyCount "91"]
[EventDate "2025.07.18"]
[EventType "swiss"]
[EventRounds "7"]
[EventCountry "ENG"]
[SourceTitle "BritBase"]
[Source "John Saunders"]
[SourceDate "2025.07.21"]
[SourceVersion "1"]
[SourceVersionDate "2025.07.21"]
[SourceQuality "1"]

1. e4 g6 2. d4 d5 3. exd5 Qxd5 4. Nf3 Bg7 5. Nc3 Qd8 6. Bc4 Nf6 7. h3 O-O 8. O-O c6 9. Bf4 b5 10. Bb3 a5 11. a4 b4 12. Ne2 Na6 13. Ne5 Bb7 14. Nd3 Nd7 15. Be3 Rc8 16. Qb1 c5 17. Qa2 cxd4 18. Nxd4 Ndc5 19. Nxc5 Nxc5 20. Rad1 Qc7 21. Nb5 Qe5 22. Bd5 b3 23. Bxb3 Nxb3 24. Qxb3 Qe4 25. f3 Qxc2 26. Qxc2 Rxc2 27. b3 e6 28. Bb6 Bd5 29. Rb1 Bc3 30. Nxc3 Rxc3 31. Bxa5 Rxb3 32. Bb6 Rc8 33. Rxb3 Bxb3 34. a5 Bc4 35. Rc1 Kf8 36. Kf2 Ke7 37. Ke3 e5 38. f4 Ke6 39. g3 f5 40. h4 e4 41. Kd4 Ba6 42. Rxc8 Bxc8 43. Kc4 Ba6+ 44. Kb4 Kd5 45. Be3 Ke6 46. Bb6 1/2-1/2